Fisicoquímica / (Record no. 91416)

MARC details
000 -LEADER
campo de control de longitud fija 00725nam a2200193 i 4500
001 - NÚMERO DE CONTROL
campo de control 91416
003 - IDENTIFICADOR DE NÚMERO DE CONTROL
campo de control ES-MaACL
007 - CAMPO FIJO DE DESCRIPCIÓN FÍSICA--INFORMACIÓN GENERAL
campo de control de longitud fija t|
008 - DATOS DE LONGITUD FIJA--INFORMACIÓN GENERAL
campo de control de longitud fija 050131s1981 ck ||||1| spa d
100 1# - ENTRADA PRINCIPAL--NOMBRE DE PERSONA
Nombre de persona Levine, Ira N.
9 (RLIN) 71976
245 10 - MENCIÓN DEL TÍTULO
Título Fisicoquímica /
Mención de responsabilidad, etc. Ira N. Levine ; traducción, Angel González Ureña ; colaboradores, Antonio Cabello Albalá, Víctor Herrero Ruiz de Loizaga ; revisión, Angel Zapata.
260 ## - PUBLICACIÓN, DISTRIBUCIÓN, ETC.
Lugar de publicación, distribución, etc. Bogotá :
Nombre del editor, distribuidor, etc. McGraw-Hill Latinoamericana,
Fecha de publicación, distribución, etc. 1981.
300 ## - DESCRIPCIÓN FÍSICA
Extensión XVI, 635 p. ;
Dimensiones 28 cm.
700 1# - ENTRADA AGREGADA--NOMBRE PERSONAL
Nombre de persona González Ureña, A.
9 (RLIN) 58998
700 1# - ENTRADA AGREGADA--NOMBRE PERSONAL
Nombre de persona Cabello Albalá, Antonio.
9 (RLIN) 33172
700 1# - ENTRADA AGREGADA--NOMBRE PERSONAL
Nombre de persona Herrero Ruiz de Loizaga, Víctor.
9 (RLIN) 63341
700 1# - ENTRADA AGREGADA--NOMBRE PERSONAL
Nombre de persona Zapata, Angel.
9 (RLIN) 117988
852 ## - LOCALIZACIÓN
Ubicación ES-MaACL
Número de control de estantería L-5329
Sublocalización o colección R.105855
Holdings
Estatus retirado Estado de pérdida Estado de daño No para préstamo Biblioteca de origen Biblioteca actual Ubicación en estantería Fecha de adquisición Fuente de adquisición Total de préstamos Signatura topográfica completa Código de barras Visto por última vez Precio de reemplazo Tipo de ítem Koha
        Biblioteca del Ateneo de Madrid Biblioteca del Ateneo de Madrid Depósito 2 17/01/2008     L-5329 1095440 23/02/2023 23/02/2023 Libro impreso